| 000 | 00817cam a2200205 4500 | ||
|---|---|---|---|
| 001 | WB3735-02 | ||
| 008 | 010918n2001 000 0 eng u | ||
| 035 | _a(Sirsi) u114629 | ||
| 245 | _aCut costs by a third says Boots | ||
| 260 | _c2001 | ||
| 490 |
_aBuilding _v266(8201) 14 September 2001, 15(1) |
||
| 520 | _aBoots has set ambitious targets for its new prime contractors. The company aims to cut project costs by 30% and eliminate site accidents by 2004. The key performance indicators will not form part of the contractors obligations but are goals that Boots would like to be eventually achieved. | ||
| 590 | _aWB | ||
| 650 | _aPRIME CONTRACTORS | ||
| 650 | _aBOOTS | ||
| 650 | _aSITE ACCIDENTS | ||
| 650 | _aKEY PERFORMANCE INDICATORS | ||
| 690 | _aBUILDING AND CONSTRUCTION-PROJECTS | ||
| 942 | _n0 | ||
| 999 |
_c68293 _d68293 |
||